000 00272nam a22000857a 4500
040 _cDLC
082 _a111 CAM 2009 C289 Or.1
245 _aInsights for Action Initiaive Fuelling Poverty Reduction Selected papers from the International Oil and Gas Conference
942 _cAEDBB
999 _c22419
_d22419